The voices of oil and honor

Đã lưu trong:
Sonraí Bibleagrafaíochta
Príomhúdar: Petzinger, Thomas
Formáid: Leabhar
Teanga:Undetermined
Foilsithe: Paris Berkley 1970
Ábhair:
Clibeanna: Cuir Clib Leis
Gan Chlibeanna, Bí ar an gcéad duine leis an taifead seo a chlibeáil!
Thư viện lưu trữ: Trung tâm Học liệu Trường Đại học Cần Thơ
LEADER 00456nam a2200169Ia 4500
001 CTU_78063
008 210402s9999 xx 000 0 und d
082 |a 338.8 
082 |b P513 
100 |a Petzinger, Thomas 
245 4 |a The voices of oil and honor 
245 0 |c Thomas Petzinger 
260 |a Paris 
260 |b Berkley 
260 |c 1970 
650 |a Getty oil company,Pennzoil company 
980 |a Trung tâm Học liệu Trường Đại học Cần Thơ